000 00916nam a22002897a 4500
001 BR6400323
003 BR-BrBNA
005 20230928083420.0
007 ta
008 230509b bl.||||| |||| 00| 0 por d
040 _aBR-BrBNA
_bpor
_cBiblioteca Nacional de Agricultura
041 _a(Por)
072 _aP10; P40
_b/G514
090 _ P10 BR6400323
110 1 _aComissao do Vale do Sao Francisco, Rio de Janeiro, GB (Brasil)
_92007
245 1 _aAproveitamento multiplo de Sobradinho. Resumo dos estudos tecnicos. Relatorio final de acordo com contrato de 17 de maio de 1962 [Vale do Sao Francisco, Brasil]
260 3 _aRio de Janeiro, GB (Brasil):
_c1964.
300 _a45 p.
500 _a12 illus.
650 _aTOPOGRAFIA
650 _aCARTOGRAFIA
650 _aMETEOROLOGIA
650 _aGEOLOGIA
650 _aVALE DO SAO FRANCISCO
909 _a202309
_bLucia
_c55
_dLucia Elande
942 _cBK
999 _c13351
_d13351